LEADER 00841nam0-22003011i-450- 001 990003073660403321 035 $a000307366 035 $aFED01000307366 035 $a(Aleph)000307366FED01 035 $a000307366 100 $a20000920d1972----km-y0itay50------ba 101 0 $aita 102 $aIT 200 1 $aEurope Tomorrow$eSixteen Europeans Look Ahead$fEdited by Richard Mayne. 210 $a[s.l.]$cFontana$cLondon$cCollins$cin association with Chatam House and PEP$d1972. 215 $a352 p.$d18 cm 610 0 $aEuropa 676 $aF/1.4 676 $aO/1.243 702 1$aMayne,$bRichard J.$f<1926- > 801 0$aIT$bUNINA$gRICA$2UNIMARC 901 $aBK 912 $a990003073660403321 952 $aF/1.4 EUR/72$b4127/I$fSES 959 $aSES 996 $aEurope Tomorrow$9464595 997 $aUNINA DB $aING01 LEADER 01402nam 2200433 450 001 9910398053403321 005 20210125121410.0 010 $a84-121029-3-2 035 $a(CKB)4100000010162845 035 $a(MiAaPQ)EBC6773001 035 $a(EXLCZ)994100000010162845 100 $a20210126d2019 uy 0 101 0 $aspa 135 $aurcnu|||||||| 181 $ctxt$2rdacontent/spa 182 $cc$2rdamedia/spa 183 $acr$2rdacarrier/spa 200 13$aEl deber de comunicacio?n en la publicidad digital empresarial /$fCamilo Alfonso Escobar Mora 210 1$aBarcelona :$cJM Bosch Editor,$d2019. 210 4$d©2019 215 $a1 recurso en li?nea (158 pa?ginas) 311 $a84-121029-2-4 320 $aBibliografi?a: pa?ginas 157-158. 606 $aComunicacio?n empresarial 606 $aSocial media 606 $aInternet advertising$xLaw and legislation 606 $aPublicidad en Internet 608 $aLibros electronicos. 615 4$aComunicacio?n empresarial. 615 0$aSocial media. 615 0$aInternet advertising$xLaw and legislation. 615 4$aPublicidad en Internet. 676 $a659.144 700 $aEscobar Mora$b Camilo Alfonso$0976042 801 0$bFINmELB 906 $aBOOK 912 $a9910398053403321 996 $aEl deber de comunicacio?n en la publicidad digital empresarial$92222710 997 $aUNINA LEADER 06508nam 2201789 450 001 9910797884603321 005 20210505213413.0 010 $a1-4008-7685-0 024 7 $a10.1515/9781400876853 035 $a(CKB)3710000000497514 035 $a(EBL)4071093 035 $a(OCoLC)927444032 035 $a(MdBmJHUP)muse49464 035 $a(DE-B1597)468324 035 $a(OCoLC)1013936470 035 $a(OCoLC)957504596 035 $a(DE-B1597)9781400876853 035 $a(Au-PeEL)EBL4071093 035 $a(CaPaEBR)ebr11200196 035 $a(CaONFJC)MIL846297 035 $a(OCoLC)936856123 035 $a(MiAaPQ)EBC4071093 035 $a(EXLCZ)993710000000497514 100 $a20160418h19621962 uy 0 101 0 $aeng 135 $aurnnu---|u||u 181 $2rdacontent 182 $2rdamedia 183 $2rdacarrier 200 10$aCatholicism and crisis in modern France $eFrench Catholic groups at the threshold of the Fifth Republic /$fWilliam Bosworth 210 1$aPrinceton, New Jersey :$cPrinceton University Press,$d1962. 210 4$d©1962 215 $a1 online resource (423 p.) 225 1 $aPrinceton Legacy Library 300 $aDescription based upon print version of record. 311 $a0-691-62554-9 311 $a0-691-07103-9 320 $aIncludes bibliographical references and index. 327 $tFront matter --$tAcknowledgments --$tContents --$tTables --$tAbbreviations --$t1. Catholicism and French Society: An Introductory Note --$t2. Historical Sketch: Catholic Institutions and the Laic Republic --$t3. The Ecclesiastical Nucleus --$t4. Catholic Action: The Auxiliary to the Hierarchy --$t5. Catholic Social Action Organizations --$t6. The Catholic Press --$t7. Organizations of Catholic Inspiration --$t8. The School Question and Specialized Catholic Institutions --$t9. Concluding Remarks --$tAppendix --$tBibliographical Essay --$tIndex 330 $aThe author discusses the role of French Catholicism in the internal and foreign affairs of modern France, with a detailed examination of French Catholic groups and their effect on temporal life. Presenting a wealth of material from official archives and files of French Catholic periodicals and organizations, Mr. Bosworth supplements his research by direct interviews with key personnel from a variety of Catholic groups. Originally published in 1961.The Princeton Legacy Library uses the latest print-on-demand technology to again make available previously out-of-print books from the distinguished backlist of Princeton University Press. These editions preserve the original texts of these important books while presenting them in durable paperback and hardcover editions. The goal of the Princeton Legacy Library is to vastly increase access to the rich scholarly heritage found in the thousands of books published by Princeton University Press since its founding in 1905. 410 0$aPrinceton legacy library. 606 $aRELIGION / History$2bisacsh 610 $aAlgerian War. 610 $aAncien Régime. 610 $aAnti-clericalism. 610 $aAnti-communism. 610 $aAntipope John XXIII. 610 $aAntithesis. 610 $aArchbishop. 610 $aCall to Action. 610 $aCanon law. 610 $aCatechism. 610 $aCatholic Action. 610 $aCatholic Association. 610 $aCatholic Church. 610 $aCatholic Schools (UK). 610 $aCatholic Worker. 610 $aCatholic World. 610 $aCatholic school. 610 $aCatholic university. 610 $aCatholicism. 610 $aCentre-right politics. 610 $aChaplain. 610 $aChristian democracy. 610 $aChristian socialism. 610 $aChristian state. 610 $aChristianity and colonialism. 610 $aChurch Movement. 610 $aClergy. 610 $aCommunism. 610 $aCommunisme. 610 $aConcordat. 610 $aConfessionalism (politics). 610 $aConfessionalism (religion). 610 $aConformist. 610 $aConfraternity. 610 $aConstantine Plan. 610 $aCriticism of democracy. 610 $aDiocese. 610 $aDissenter. 610 $aDivini Redemptoris. 610 $aDoctrine. 610 $aDominican Order. 610 $aEcclesiology. 610 $aEncyclical. 610 $aExtremism. 610 $aFar-right politics. 610 $aFrench Army. 610 $aFrench Communist Party. 610 $aGabriel Marcel. 610 $aGallicanism. 610 $aGaullism. 610 $aGaullist Party. 610 $aGeorges Bidault. 610 $aHead of the Church. 610 $aHeresy. 610 $aHeterodoxy. 610 $aHoly Orders (Catholic Church). 610 $aImperialism. 610 $aJacques Maritain. 610 $aLa Croix. 610 $aLa Vie. 610 $aLaïcité. 610 $aLe Monde. 610 $aLeft-wing politics. 610 $aLiberal Catholicism. 610 $aLiberalism. 610 $aOrder of Saint Benedict. 610 $aPapal diplomacy. 610 $aPapal infallibility. 610 $aParochial school. 610 $aParticular church. 610 $aPax Christi. 610 $aPolitical spectrum. 610 $aPolitics of France. 610 $aPolitics. 610 $aPolitique. 610 $aPope Pius X. 610 $aPope Pius XI. 610 $aPope Pius XII. 610 $aPope. 610 $aPresses Universitaires de France. 610 $aPrince of the Church. 610 $aProtestantism. 610 $aPublication. 610 $aPuritans. 610 $aReactionary. 610 $aReligion. 610 $aReligious order. 610 $aRerum novarum. 610 $aRight-wing politics. 610 $aSatanism. 610 $aSecularization. 610 $aSedition. 610 $aSeparation of church and state. 610 $aSociety of Jesus. 610 $aSolidarism. 610 $aTheocracy. 610 $aTheology. 610 $aTotalitarianism. 610 $aUnion Nationale (Quebec). 610 $aWorker-Priest. 615 7$aRELIGION / History. 676 $a282.44 700 $aBosworth$b William$01481766 801 0$bMiAaPQ 801 1$bMiAaPQ 801 2$bMiAaPQ 906 $aBOOK 912 $a9910797884603321 996 $aCatholicism and crisis in modern France$93698920 997 $aUNINA